| 000 | 00988nam a2200301Ia 4500 | ||
|---|---|---|---|
| 001 | Para_2199 | ||
| 003 | CHAP | ||
| 008 | 220125s1942 xx 000 0 und d | ||
| 010 | _a198765 | ||
| 040 | _cCHAP | ||
| 082 | _aPA-C 634 N4 1933 | ||
| 100 |
_aPatch, L.H. _986146 |
||
| 245 |
_aHeight of corn as a factor in egg laying by the european corn borer moth in the one generation area / _c by L.H. Patch |
||
| 260 |
_aWashington, D.C. : _b USDA |
||
| 300 | _a503-515 p. | ||
| 440 |
_aJornal of agricultural Research, vol.64, no.9 _9164064 |
||
| 500 | _aEncuadernado con: Orchard insects of the pacific northwest and their control / by E.J. Newcomer | ||
| 650 |
_aMadera _x plagas _969617 |
||
| 650 |
_aMaĆz _x enfermedades _970939 |
||
| 650 |
_aPiraustra nubilalis _9164065 |
||
| 901 | _aPA-C 634 N4 1933 | ||
| 902 | _aA | ||
| 905 | _a0000001942 i 0000000000 00 | ||
| 910 | _a1942 | ||
| 942 | _cPARA | ||
| 942 |
_cPARA _d1 |
||
| 999 |
_c198765 _d198765 |
||